Statistics for MLB 300 Save Club

Click here to take the quiz!

General Stats

  • This quiz has been taken 1,579 times
    (197 since last reset)
  • The average score is 11 of 31

Answer Stats

SavesCareerAnswer% Correct
6521995–2013Mariano Rivera
98%
6011993–2010Trevor Hoffman
88%
4172010–Craig Kimbrel
76%
3901975–1998Dennis Eckersley
70%
4781980–1997Lee Smith
69%
4372002–2017Francisco Rodriguez
63%
4202010–Kenley Jansen
61%
3411968–1995Rollie Fingers
57%
4221995–2010Billy Wagner
50%
3101972–1994Rich Gossage
44%
3212010–Aroldis Chapman
43%
4241984–2005John Franco
40%
3682005–2016Jonathan Papelbon
35%
3001976–1988Bruce Sutter
33%
3771999–2016Joe Nathan
29%
3581995–2009Troy Percival
29%
3261991–2017Roberto Hernandez
27%
3141993–2002Robb Nen
25%
3272002–2019Fernando Rodney
24%
3111982–1995Tom Henke
22%
3031986–2000Doug Jones
21%
3191993–2008Todd Jones
21%
3301989–2000John Wetteland
18%
3001995–2012Jason Isringhausen
17%
3671979–1994Jeff Reardon
17%
3242005–2017Huston Street
13%
3471985–1998Randy Myers
11%
3291999–2012Francisco Cordero
10%
3211987–2007Jose Mesa
10%
3181985–2000Rick Aguilera
9%
3041987–1999Jeff Montgomery
8%

Score Distribution

Percentile by Number Answered

Percent of People with Each Score

Your Score History

You have not taken this quiz since the last reset